El agua y los ríos amenazados en México: los retos para el movimiento social /
La apertura de la energía eléctrica a la iniciativa privada ha sido acompañada en todo el mundo de argumentos falsos y de generación del miedo y la psicosis social de que se está al borde del colapso y la falta de electricidad que los gobiernos no tienen la capacidad de satisfacer esta demanda que...
Salvato in:
| Autore principale: | |
|---|---|
| Natura: | testo |
| Soggetti: | |
| Tags: |
Aggiungi Tag
Nessun Tag, puoi essere il primo ad aggiungerne!!
|
MARC
| LEADER | 00000 a a2200000 04500 | ||
|---|---|---|---|
| 001 | 11053 | ||
| 003 | |||
| 040 | |||
| 100 | |a Castro Soto, Gustavo | ||
| 245 | |a El agua y los ríos amenazados en México: |b los retos para el movimiento social / |c Gustavo Castro Soto | ||
| 520 | |a La apertura de la energía eléctrica a la iniciativa privada ha sido acompañada en todo el mundo de argumentos falsos y de generación del miedo y la psicosis social de que se está al borde del colapso y la falta de electricidad |a que los gobiernos no tienen la capacidad de satisfacer esta demanda que va en aumento y que, de no invertir las grandes empresas, se llegará al caos |a que sólo la iniciativa privada logrará aumentar la producción de energía, disminuir los costos, mejorar la calidad y llevar luz a cada domicilio | ||
| 650 | |a ENERGIA | ||
| 650 | |a ENERGIA ELECTRICA | ||
| 650 | |a CORRUPCION | ||
| 650 | |a PRIVATIZACION | ||
| 650 | |a REPRESAS | ||
| 650 | |a RECURSOS NATURALES | ||
| 650 | |a MEXICO | ||
| 773 | |g volumen 7, número 21; páginas 159-172 | ||
| 999 | |c 38106 |d 38106 | ||
